Вольфганг Амадей Моцарт (Бичлэгийн дугаар. 1066082)
[ энгийн харах ]
| 000 -Удирдлага | |
|---|---|
| Ном зүйн бүртгэл тоо буюу кодлох утгыг агуулсан | 00832nam a22002177a 4500 |
| 008 - ЕРӨНХИЙ МЭДЭЭЛЭЛ-ЭЛЕМЕНТҮҮДИЙН ӨГӨГДЛИЙН УРТ | |
| fixed length control field | 240702b mp ||||| |||| 00| 0 mon d |
| 035 ## - СИСТЕМИЙН ХЯНАЛТЫН ДУГААР | |
| Системийн хяналтын дугаар | 7919 |
| 040 ## - ЭХ СУРВАЛЖИЙГ ТОДОРХОЙЛОН БИЧИХ | |
| Анхны каталогийн байгууллага | SU1322070 |
| Каталогийн хэл | Монгол |
| Бичлэг хийж нэвтрүүлэх байгууллага | MN-UlNLM |
| Өөрчлүүлэх байгууллага | MN-UlNLM |
| Бичиглэлийн тодорхойлолт | rda |
| 041 ## - ХЭЛНИЙ КОД | |
| Текстийн хэлний код/фонограм буюу салангид гарчиг | Монгол |
| 042 ## - AUTHENTICATION CODE | |
| Authentication code | 24819 |
| 084 ## - БУСАД АНГИЛЛЫН ДУГААР | |
| Ангиллын нэр | Номын сан номзүйн ангилал |
| Анги | 85 |
| Зохиогчийн 3-н тэмдэгт | К-795 |
| 100 ## - ЗОХИОГЧИЙН ХЭСЭГ | |
| Зохиогчийн нэр | Кремнев Б. |
| 245 #0 - ҮНДСЭН ГАРЧИГ | |
| Гарчиг | Вольфганг Амадей Моцарт |
| 264 ## - ГАРАЛТЫН МЭДЭЭ | |
| Хэвлэгдсэн газар | Улаанбаатар |
| Бүтээгч, хэвлэгч, түгээгч, үйлдвэрлэгчийн нэр | Мон судар |
| Хэвлэгдсэн он | 1999 |
| 300 ## - ТООНЫ МЭДЭЭ | |
| Хуудасны тоо | 251х. |
| 336 ## - АГУУЛГЫН ТӨРӨЛ | |
| Нөөц | rdacontent |
| Агуулгын төрлийн нөхцөл | text |
| Агуулгын төрлийн код | txt |
| 337 ## - MEDIA TYPE | |
| Эх сурвалж | rdamedia |
| Файлын төрөл | unmediated |
| Файлын код | n |
| 338 ## - CARRIER TYPE | |
| Source | rdacarrier |
| Carrier type term | volume |
| Carrier type code | nc |
| 650 ## - Сэдэв | |
| Сэдэв | Гарчиг : Эх орон, Гэр бүл, Моцарт төрсөн нь, Бага залуу нас, Венад, Европоор аялсан тоглов, Анхны дууриуд, Италид, Дахин гэртээ... |
| 942 ## - ЭЛЕМЕНТИЙН ТӨРӨЛ | |
| Анги | Номын сан номзүйн ангилал |
| Төрөл | Ном |
| Буцаан татагдсан төлөв | Хасагдсан шалтгаан | Гэмтсэн төлөв | Данс заагч | Захиалах боломжгүй | Үндсэн номын сан | Одоогийн байршил | Салбар танхим | Салбар танхим | Бүртгэсэн огноо | Тавиурын заалт | Баркод | Үнэ | Хамгийн сүүлд байсан огноо | Нийт уншлаганд гарсан тоо | Дансны дугаар | Төрөл |
|---|---|---|---|---|---|---|---|---|---|---|---|---|---|---|---|---|
| Сүхбаатар аймаг | Сүхбаатар аймаг | Сүхбаатар | Гэрээр ном олгох танхим | Сүхбаатар | Гэрээр ном олгох танхим | 2024-07-04 | 85 К-795 | SU1327919-2-1 | 4800.00 | 2024-07-04 | 36540 | Ном | ||||||
| Сүхбаатар аймаг | Сүхбаатар аймаг | Сүхбаатар | Нийтийн уншлагын танхим | Сүхбаатар | Нийтийн уншлагын танхим | 2024-07-04 | 85 К-795 | SU1327919-3-1 | 4800.00 | 2024-07-04 | 36539 | Ном | ||||||
| Сүхбаатар аймаг | Сүхбаатар аймаг | Сүхбаатар | Нийтийн уншлагын танхим | Сүхбаатар | Нийтийн уншлагын танхим | 2024-07-04 | 85 К-795 | SU1327919-3-2 | 4800.00 | 2024-07-04 | 41068 | Ном |